<?xml version="1.0" encoding="UTF-8"?>
<record
    xmlns:xsi="http://www.w3.org/2001/XMLSchema-instance"
    xsi:schemaLocation="http://www.loc.gov/MARC21/slim http://www.loc.gov/standards/marcxml/schema/MARC21slim.xsd"
    xmlns="http://www.loc.gov/MARC21/slim">

  <leader>01316nam a22002297a 4500</leader>
  <datafield tag="999" ind1=" " ind2=" ">
    <subfield code="c">22139</subfield>
    <subfield code="d">22139</subfield>
  </datafield>
  <controlfield tag="003">AR-CdUCM</controlfield>
  <controlfield tag="008">190429b           ||||| |||| 00| 0 spa d</controlfield>
  <datafield tag="040" ind1=" " ind2=" ">
    <subfield code="a">MUNICIPALIDAD PROVINCIAL DEL CUSCO</subfield>
    <subfield code="c">BIBLIOTECA MUNICIPAL DEL CUSCO</subfield>
  </datafield>
  <datafield tag="082" ind1=" " ind2=" ">
    <subfield code="a">La rotativa/N&#xB0;3/1987</subfield>
  </datafield>
  <datafield tag="110" ind1=" " ind2=" ">
    <subfield code="a">Universidad Nacional de San Antonio Abad del Cusco</subfield>
    <subfield code="9">15942</subfield>
  </datafield>
  <datafield tag="245" ind1=" " ind2=" ">
    <subfield code="a">La rotativa jur&#xED;dica :</subfield>
    <subfield code="b">revista semestral /</subfield>
    <subfield code="c">Facultad de Derecho y Ciencias Pol&#xED;ticas</subfield>
  </datafield>
  <datafield tag="260" ind1=" " ind2=" ">
    <subfield code="a">Cusco.</subfield>
    <subfield code="b">[sn],</subfield>
    <subfield code="c">1987.</subfield>
  </datafield>
  <datafield tag="300" ind1=" " ind2=" ">
    <subfield code="a">65 p&#xE1;ginas. :</subfield>
    <subfield code="c">22 cm.</subfield>
  </datafield>
  <datafield tag="440" ind1=" " ind2=" ">
    <subfield code="a">La rotativa jur&#xED;dica.</subfield>
    <subfield code="n">N&#xB0;03, junio, abril 1987.</subfield>
    <subfield code="9">47523</subfield>
  </datafield>
  <datafield tag="505" ind1=" " ind2=" ">
    <subfield code="a">Contenido: Comentario de la Ley general de comunidades campesinas y la ley del deslinde y titulaci&#xF3;n. -- Principales innovaciones de la adopci&#xF3;n en el nuevo c&#xF3;digo civil peruano. -- Concepci&#xF3;n marxista del derecho.-- Crisis universitaria o crisis del sistema. -- El delito de terrorismo y la delaci&#xF3;n. -- El campesino ante la subversi&#xF3;n y la represi&#xF3;n. -- Delimitaci&#xF3;n de la regiones en el pa&#xED;s criterios b&#xE1;sicos. --  Arica territorio de quien. -- La profesi&#xF3;n del Abogado.</subfield>
  </datafield>
  <datafield tag="650" ind1=" " ind2=" ">
    <subfield code="a">Comunidades campesinas</subfield>
    <subfield code="9">2214</subfield>
  </datafield>
  <datafield tag="650" ind1=" " ind2=" ">
    <subfield code="a">Derecho ind&#xED;gena</subfield>
    <subfield code="9">45028</subfield>
  </datafield>
  <datafield tag="650" ind1=" " ind2=" ">
    <subfield code="a">Ciencias jur&#xED;dicas</subfield>
    <subfield code="9">15945</subfield>
  </datafield>
  <datafield tag="710" ind1=" " ind2=" ">
    <subfield code="a">Facultad de Derecho y Ciencias Pol&#xED;ticas</subfield>
    <subfield code="9">47524</subfield>
  </datafield>
  <datafield tag="942" ind1=" " ind2=" ">
    <subfield code="2">ddc</subfield>
    <subfield code="c">PP</subfield>
  </datafield>
  <datafield tag="945" ind1=" " ind2=" ">
    <subfield code="a">rac</subfield>
  </datafield>
  <datafield tag="952" ind1=" " ind2=" ">
    <subfield code="0">0</subfield>
    <subfield code="2">ddc</subfield>
    <subfield code="4">0</subfield>
    <subfield code="7">0</subfield>
    <subfield code="a">HEM</subfield>
    <subfield code="b">HEM</subfield>
    <subfield code="c">CART</subfield>
    <subfield code="d">2022-03-14</subfield>
    <subfield code="g">5.00</subfield>
    <subfield code="o">Larotativa/N&#xB0;3/1987</subfield>
    <subfield code="p">REVC000685</subfield>
    <subfield code="r">2022-03-14</subfield>
    <subfield code="y">PP</subfield>
  </datafield>
</record>
